LDR 00964naa#a2200181#i#450# 001 RU\\bibl\20114 005 20260701212002.3 100 ## _a20260630b2026####ek#y0rusy0150####ca 102 ## _aRU 200 1# _aМОДЕЛИРОВАНИЕ СЕТЕВОГО ТРАФИКА: СРАВНИТЕЛЬНАЯ ОЦЕНКА МЕТОДОВ _eСтатья/тезисы конференции 210 1# _aВоронеж _cВоронежский государственный лесотехнический университет имени Г.Ф. Морозова _d2026 215 ## _a7 с. 608 ## _aСтатья/тезисы конференции _2local 675 ## _aКомпьютерное моделирование. 004.94 _aСвязь компьютеров. Сети ЭВМ. Вычислительные сети. 004.7 _z 700 #1 _aГлотова _gА. Ю. 700 #1 _aСухарский _gА. В. 700 #1 _aСилонов _gВладимир Иванович 856 4# _abibl.vgltu.ru _u